[Event "I Trofeo Antica Scuola Napoletana B"]
[Site "Napoli ITA"]
[Date "2013.03.14"]
[Round "4"]
[White "De Rosa, Fabrizio"]
[Black "Russo Spena, Vincenzo"]
[WhiteElo "1401"]
[BlackElo "1486"]
[Result "0-1"]
[PlyCount "146"]
[EventDate "2013.02.28"]

1. d4 d6 2. e4 Nf6 3. Nc3 g6 4. d5 Bg7 5. Bb5+ Bd7 6. Bxd7+ Nbxd7 7. f3 O-O 8.
Nge2 Qc8 9. O-O c5 10. dxc6 bxc6 11. Bg5 Qb7 12. b3 Qb6+ 13. Kh1 Rfe8 14. Na4
Qa5 15. Bxf6 Bxf6 16. Rb1 Ne5 17. Nd4 c5 18. Ne2 Rab8 19. f4 Ng4 20. Qd3 c4 21.
Qg3 Qh5 22. Qh3 Qxh3 23. gxh3 Nh6 24. bxc4 Rbc8 25. c3 Rxc4 26. Rb4 Rec8 27.
Rxc4 Rxc4 28. Nb2 Rxe4 29. Ng3 Re3 30. Nd1 Rd3 31. c4 Ra3 32. Rf2 Rd3 33. Nb2
Bxb2 34. Rxb2 Rd4 35. Re2 e6 36. Re4 Rd2 37. Re2 Rxe2 38. Nxe2 Kf8 39. Kg2 Nf5
40. Nc3 Ne3+ 41. Kf3 Nxc4 42. Nb5 a6 43. Nc3 d5 44. Na4 Ke7 45. Nc5 a5 46. Ke2
Kf6 47. Nd3 g5 48. Kf3 Kf5 49. fxg5 Kxg5 50. Kg3 e5 51. h4+ Kf5 52. a4 e4 53.
Nf4 d4 54. Ne2 d3 55. Nc3 d2 56. Nd1 e3 57. Kf3 Ke5 58. Ke2 Kf4 59. Nc3 Kg4 60.
Kd3 Nb2+ 61. Ke2 f5 62. Nd1 Nxd1 63. Kxd1 f4 64. Ke2 f3+ 65. Kd1 f2 66. Ke2
f1=Q+ 67. Kxf1 d1=Q+ 68. Kg2 Qxa4 69. h3+ Kf4 70. Kf1 Qc2 71. Kg1 e2 72. Kf2
e1=Q+ 73. Kxe1 Ke3 0-1

[Event "I Trofeo Antica Scuola Napoletana B"]
[Site "Napoli ITA"]
[Date "2013.03.14"]
[Round "4"]
[White "Di Meglio, Aurelio"]
[Black "Somma, Erminio"]
[WhiteElo "1580"]
[BlackElo "1539"]
[Result "1-0"]
[PlyCount "123"]
[EventDate "2013.02.28"]

1. e4 d5 2. e5 Bf5 3. d4 e6 4. Nf3 h6 5. Be3 Nc6 6. Be2 Nge7 7. Nbd2 Bh7 8. c4
Nf5 9. cxd5 Nxe3 10. fxe3 Qxd5 11. O-O Be7 12. Bc4 Qd7 13. a3 a6 14. b4 b5 15.
Ba2 O-O 16. Rc1 Rac8 17. Bb1 Bxb1 18. Nxb1 f5 19. Nc3 Nd8 20. Ne2 Nf7 21. Nf4
Ng5 22. Qb3 c6 23. Nxg5 Bxg5 24. Rc3 Bxf4 25. Rxf4 Qd5 26. Kf2 g5 27. Rf3 g4
28. Rg3 Kh7 29. Qc2 h5 30. h4 Kh6 31. Qd2 Qe4 32. Kg1 Kh7 33. Rc1 Qd5 34. Rf1
c5 35. bxc5 Rxc5 36. Qb4 Rcc8 37. Qe7+ Kh8 38. Qg5 Rc7 39. Qh6+ Kg8 40. Qxh5
Qd8 41. Qg6+ Rg7 42. Qxe6+ Kh8 43. Rxf5 Rxf5 44. Qxf5 Qxh4 45. Qf8+ Kh7 46. Qf2
Qg5 47. e4 Qc1+ 48. Qf1 Qxf1+ 49. Kxf1 Rf7+ 50. Ke2 Rg7 51. e6 a5 52. Rb3 Rb7
53. Ke3 Kg6 54. Kf4 Kf6 55. d5 b4 56. e5+ Kg7 57. Kxg4 a4 58. Rb1 b3 59. d6 Kf8
60. Kf5 Ke8 61. Kf6 Rb6 62. Rh1 1-0

[Event "I Trofeo Antica Scuola Napoletana B"]
[Site "Napoli ITA"]
[Date "2013.03.14"]
[Round "4"]
[White "Fornario, Gianluca"]
[Black "Locatelli, Guido"]
[WhiteElo "1470"]
[BlackElo "1573"]
[Result "1-0"]
[PlyCount "65"]
[EventDate "2013.02.28"]

1. d4 d5 2. c4 e6 3. a3 Nf6 4. Nc3 Be7 5. h3 b6 6. b4 dxc4 7. e4 O-O 8. Bxc4
Bb7 9. d5 exd5 10. exd5 Re8 11. Nge2 Bd6 12. O-O a6 13. Bg5 Nbd7 14. Re1 Be5
15. Qb3 Bd6 16. Nd4 Ne5 17. Ne4 Ned7 18. Nc6 Qc8 19. Nxd6 Rxe1+ 20. Rxe1 Qf8
21. Nxb7 h6 22. Bf4 b5 23. Bd3 Kh8 24. Bxc7 Qc8 25. Nd6 Qxc7 26. Nxf7+ Kg8 27.
Nfe5 Qd6 28. Nxd7 Nxd7 29. Re6 Qf4 30. Ne7+ Kf7 31. Bg6+ Kf8 32. Qf3 Qxf3 33.
gxf3 1-0

[Event "I Trofeo Antica Scuola Napoletana B"]
[Site "Napoli ITA"]
[Date "2013.03.14"]
[Round "4"]
[White "Soave, Vittorio"]
[Black "Brighel, Francesco"]
[WhiteElo "1374"]
[BlackElo "1455"]
[Result "1/2-1/2"]
[PlyCount "56"]
[EventDate "2013.02.28"]

1. d4 d5 2. c4 e6 3. Nc3 Nf6 4. Nf3 Nbd7 5. e3 Bb4 6. Bd3 Nb6 7. cxd5 exd5 8.
Qc2 Bd6 9. O-O Bg4 10. Nd2 c6 11. e4 dxe4 12. Ncxe4 Nxe4 13. Nxe4 Qc7 14. Nxd6+
Qxd6 15. Re1+ Be6 16. b3 O-O-O 17. Bb2 f6 18. Rxe6 Qc7 19. Bf5 Kb8 20. Rc1 Rd6
21. Rxd6 Qxd6 22. Bxh7 Nd5 23. Be4 Qxh2+ 24. Kf1 Qh1+ 25. Ke2 Qh5+ 26. f3 Re8
27. Kf2 Qh4+ 28. Kg1 f5 1/2-1/2

[Event "I Trofeo Antica Scuola Napoletana B"]
[Site "Napoli ITA"]
[Date "2013.03.27"]
[Round "5"]
[White "De Rosa, Fabrizio"]
[Black "De Vero, Vincenzo"]
[WhiteElo "1401"]
[BlackElo "1422"]
[Result "1-0"]
[PlyCount "67"]
[EventDate "2013.02.28"]

1. e4 e5 2. f4 Qe7 3. Nf3 exf4 4. d3 Nc6 5. Bxf4 d6 6. Nc3 b6 7. Nd5 Qd7 8. Be2
Bb7 9. c4 Nge7 10. O-O O-O-O 11. Ng5 Qe8 12. Nxe7+ Bxe7 13. Bg4+ Kb8 14. Qf3 f6
15. Ne6 h5 16. Nxd8 Bxd8 17. Bxh5 Rxh5 18. Qg3 Qh8 19. Bd2 Nd4 20. Rf2 g5 21.
Bc3 Ne6 22. Raf1 Nf4 23. Bd2 Nxd3 24. Rf3 Nxb2 25. Bc3 Nxc4 26. Bxf6 Bxf6 27.
Rxf6 Bc8 28. Rf8 Qd4+ 29. Kh1 Qxe4 30. Re1 Qd5 31. Qg4 Qb7 32. Ree8 Rh4 33.
Rxc8+ Qxc8 34. Qxc8# 1-0

[Event "I Trofeo Antica Scuola Napoletana B"]
[Site "Napoli ITA"]
[Date "2013.03.27"]
[Round "5"]
[White "Di Meglio, Aurelio"]
[Black "Fornario, Gianluca"]
[WhiteElo "1580"]
[BlackElo "1470"]
[Result "1-0"]
[PlyCount "79"]
[EventDate "2013.02.28"]

1. e4 e5 2. Nf3 Nc6 3. Nc3 Nf6 4. Bb5 d6 5. d4 exd4 6. Nxd4 Bd7 7. Nxc6 bxc6 8.
Bc4 Be7 9. O-O O-O 10. Re1 Rb8 11. b3 Ng4 12. Bb2 Bh4 13. g3 Bf6 14. Be2 Ne5
15. Bf1 Qc8 16. Bg2 Bg4 17. f3 Bh3 18. Qe2 Re8 19. Na4 Bd7 20. f4 Bg4 21. Qf1
Nd7 22. Bxf6 Nxf6 23. e5 Nd5 24. Qc4 Qb7 25. Qd4 Bf5 26. c4 Nb4 27. Be4 dxe5
28. fxe5 Rbd8 29. Qc3 Bxe4 30. Rxe4 Rd3 31. Qb2 Red8 32. Rae1 Rd2 33. Qc3 Nxa2
34. Qe3 R8d3 35. Qf4 Rxb3 36. e6 fxe6 37. Rxe6 h6 38. Re8+ Kh7 39. Qf5+ g6 40.
R1e7# 1-0

[Event "I Trofeo Antica Scuola Napoletana B"]
[Site "Napoli ITA"]
[Date "2013.03.27"]
[Round "5"]
[White "Locatelli, Guido"]
[Black "Soave, Vittorio"]
[WhiteElo "1573"]
[BlackElo "1374"]
[Result "1-0"]
[PlyCount "117"]
[EventDate "2013.02.28"]

1. d4 d5 2. c4 e6 3. Nc3 Nf6 4. Bg5 Nbd7 5. e3 Bb4 6. Nf3 O-O 7. a3 Bxc3+ 8.
bxc3 c6 9. Ne5 h6 10. Bh4 g5 11. Nxd7 Bxd7 12. Bg3 Ne4 13. Qb3 Qa5 14. Rc1 b6
15. Qb4 c5 16. Qxa5 bxa5 17. cxd5 exd5 18. f3 Nxg3 19. hxg3 Kg7 20. Kf2 cxd4
21. cxd4 Rac8 22. Be2 f5 23. Rc5 Rxc5 24. dxc5 Bc6 25. Rb1 Rf7 26. Bb5 Rb7 27.
a4 a6 28. Bd3 Kf6 29. Rb6 Rxb6 30. cxb6 Bb7 31. Ke2 Ke6 32. Kd2 Kd6 33. Bxf5
Kc5 34. Kc3 Kxb6 35. Kd4 Kc6 36. e4 dxe4 37. Bxe4+ Kc7 38. Bxb7 Kxb7 39. f4 Kc6
40. f5 Kd6 41. g4 Ke7 42. Kc5 Kf6 43. Kb6 h5 44. gxh5 Kxf5 45. g4+ Kf6 46. Kxa6
Ke6 47. Kxa5 Kf7 48. Kb6 Kg7 49. a5 Kf7 50. a6 Kg7 51. a7 Kf7 52. a8=Q Kg7 53.
Qc6 Kh7 54. Kc7 Kg7 55. Kd7 Kh7 56. Ke7 Kg7 57. Qe6 Kh7 58. Kf8 Kh8 59. Qh6#
1-0

[Event "VIII Open"]
[Site "Bolzano - Bozen ITA"]
[Date "2013.05.??"]
[Round "1"]
[White "Schgaguler, Gunther"]
[Black "Spornberger, Andre"]
[WhiteElo "1566"]
[BlackElo "2060"]
[Result "0-1"]
[PlyCount "132"]
[EventDate "2013.05.03"]

1. e4 e6 2. d4 d5 3. e5 c5 4. Nf3 Nc6 5. c3 Qb6 6. Bd3 Nh6 7. O-O cxd4 8. cxd4
Nf5 9. Bxf5 exf5 10. Nc3 Be6 11. b3 h6 12. Bb2 g5 13. Na4 Qc7 14. Rc1 b6 15.
Qc2 Rc8 16. Rfd1 Qe7 17. Qe2 g4 18. Ne1 h5 19. Qb5 Qd7 20. Rc2 Bh6 21. Bc1 f4
22. Ba3 Ne7 23. Rxc8+ Nxc8 24. Qxd7+ Kxd7 25. Bc1 Ne7 26. Nd3 f3 27. Bxh6 Rxh6
28. Nf4 fxg2 29. Kxg2 h4 30. Nxe6 fxe6 31. h3 gxh3+ 32. Kxh3 Nf5 33. Nc3 Rh8
34. Rd2 Rc8 35. Ne2 b5 36. b4 Rc4 37. a3 a5 38. bxa5 Ra4 39. Rd3 Rxa5 40. Kg2
Ra4 41. Kh3 Rc4 42. Rd2 Kc6 43. Kg2 Kb6 44. Kh3 Ka5 45. Rd3 Ka4 46. Kg2 b4 47.
axb4 Rxb4 48. Nc3+ Ka5 49. Ne2 Kb5 50. Kh3 Rb2 51. Nf4 Kc4 52. Rd1 Nxd4 53.
Kxh4 Rxf2 54. Kg5 Kc3 55. Kg4 Ra2 56. Kg5 Ra8 57. Kg4 Rg8+ 58. Kh5 Rf8 59. Rxd4
Rf5+ 60. Kg4 Kxd4 61. Nxe6+ Kxe5 62. Nc5 Rf1 63. Nd3+ Ke4 64. Nb4 Rg1+ 65. Kh3
d4 66. Nc2 d3 0-1

[Event "VIII Open"]
[Site "Bolzano - Bozen ITA"]
[Date "2013.05.??"]
[Round "4"]
[White "Spornberger, Andre"]
[Black "Paltrinieri, Nicholas"]
[WhiteElo "2060"]
[BlackElo "2162"]
[Result "0-1"]
[PlyCount "82"]
[EventDate "2013.05.03"]

1. e4 e6 2. d3 d5 3. Nd2 c5 4. Ngf3 Nc6 5. g3 Nge7 6. Bg2 b6 7. O-O a5 8. a4
Ba6 9. Re1 g6 10. exd5 Nxd5 11. Nc4 Bg7 12. c3 O-O 13. Ng5 Ra7 14. Qb3 Re8 15.
Ne4 Rd7 16. Bg5 Nce7 17. Rad1 h6 18. Bc1 Kh7 19. f4 Nc6 20. Nf2 Qc7 21. Bxd5
exd5 22. Rxe8 dxc4 23. dxc4 Re7 24. Rxe7 Nxe7 25. g4 Bb7 26. Be3 Qc6 27. Kf1
Qf3 28. Re1 h5 29. h3 hxg4 30. hxg4 Ng8 31. Qxb6 Nf6 32. Bxc5 Ne4 33. Rxe4 Bxe4
34. Ke1 Qxf4 35. Be3 Qg3 36. g5 Bf5 37. Kd2 Be5 38. Qxa5 Bf4 39. Bxf4 Qxf2+ 40.
Kd1 Bg4+ 41. Kc1 Qe1+ 0-1

[Event "VIII Open"]
[Site "Bolzano - Bozen ITA"]
[Date "2013.05.??"]
[Round "5"]
[White "Spornberger, Maximilian"]
[Black "Bertagnolli, Alexander"]
[WhiteElo "2269"]
[BlackElo "2338"]
[Result "1-0"]
[PlyCount "85"]
[EventDate "2013.05.03"]

1. e4 c5 2. c3 d5 3. exd5 Qxd5 4. d4 Nf6 5. Nf3 e6 6. Be3 cxd4 7. cxd4 Bb4+ 8.
Nc3 O-O 9. Bd3 b6 10. O-O Bxc3 11. bxc3 Ba6 12. Bxa6 Nxa6 13. Qe2 Nb8 14. c4
Qe4 15. Nd2 Qc6 16. a4 Ne4 17. Nxe4 Qxe4 18. f3 Qc6 19. a5 Nd7 20. Rfc1 Nf6 21.
Qb2 h6 22. Ra3 Rfc8 23. Rb3 bxa5 24. Rb5 a4 25. Qb4 Rc7 26. Bf4 Rd7 27. d5 Qa6
28. d6 Rc8 29. Ra1 Qc6 30. Rxa4 g5 31. Be5 Nd5 32. cxd5 Qc1+ 33. Kf2 Rc2+ 34.
Kg3 f5 35. Rb8+ Kh7 36. Rb7 h5 37. Rxd7+ Kh6 38. Rh7+ Kg6 39. Rg7+ Kh6 40. h4
f4+ 41. Bxf4 Qg1 42. hxg5+ Kxg7 43. Qd4+ 1-0

[Event "Torneo del Quarantennale A"]
[Site "Cirie' ITA"]
[Date "2013.04.27"]
[Round "1"]
[White "Coqueraut, Lodewyk"]
[Black "Rotundo, Raffaele"]
[WhiteElo "1813"]
[BlackElo "1988"]
[Result "1/2-1/2"]
[PlyCount "62"]
[EventDate "2013.04.27"]

1. e4 d6 2. d4 Nf6 3. Nc3 e5 4. dxe5 dxe5 5. Qxd8+
Kxd8 6. f3 Be6 7. Bd3 Nbd7 8. Nge2 Nc5 9. Bg5 Nxd3+ 10. cxd3 Bc5 11. f4 h6 12.
fxe5 hxg5 13. exf6 gxf6 14. d4 Bd6 15. h3 c6 16. O-O-O Ke7 17. Rhf1 b5 18. d5
b4 19. dxe6 bxc3 20. exf7 cxb2+ 21. Kb1 Be5 22. Nd4 Bxd4 23. Rxd4 Rad8 24. Rfd1
Rxd4 25. Rxd4 Rb8 26. Ra4 Rb7 27. Ra6 Rc7 28. Kxb2 Kxf7 29. Kc3 Ke6 30. Kd4 Kd6
31. g4 Rd7 1/2-1/2

[Event "Torneo del Quarantennale A"]
[Site "Cirie' ITA"]
[Date "2013.04.27"]
[Round "1"]
[White "Pitica, Silviu Valentin"]
[Black "Cacinschi, Alexandru"]
[WhiteElo "1853"]
[BlackElo "2025"]
[Result "0-1"]
[PlyCount "111"]
[EventDate "2013.04.27"]

1. Nf3 Nf6 2. g3 d5 3. d4 e6 4. Bg2 Be7 5. c4 O-O 6.
O-O dxc4 7. Qa4 a6 8. Qxc4 b5 9. Qc2 Bb7 10. Bd2 Be4 11. Qc1 Qc8 12. Nc3 Bb7
13. Bg5 c5 14. dxc5 Qxc5 15. Be3 Qh5 16. h3 b4 17. Na4 Rc8 18. Qd2 Rd8 19. Qc1
Rc8 20. Qd2 Nbd7 21. Rfd1 Qa5 22. b3 Bc6 23. Nb2 Ne4 24. Nc4 Qc7 25. Qe1 Nc3
26. Rxd7 Bxd7 27. Nb6 Bf6 28. Rc1 Bb5 29. Kh2 Rab8 30. Nxc8 Rxc8 31. Nd4 Qa5
32. Nxb5 axb5 33. Qd2 Rd8 34. Qc2 Nxa2 35. Rd1 Nc3 36. Rxd8+ Qxd8 37. Bf3 g6
38. Qd2 Qc7 39. Qd3 e5 40. Bh6 Bg7 41. Bg5 h6 42. Bd8 Qc8 43. Bb6 Kh7 44. Ba5
Qe6 45. Qc2 Qd6 46. h4 f5 47. h5 e4 48. hxg6+ Qxg6 49. Bg2 Qh5+ 50. Bh3 Nxe2
51. Bxb4 Nd4 52. Qc5 Qf3 53. Be1 e3 54. Bg2 exf2 55. Bxf3 fxe1=Q 56. Bg2 0-1

[Event "Torneo del Quarantennale A"]
[Site "Cirie' ITA"]
[Date "2013.04.27"]
[Round "1"]
[White "Pulito, Alberto"]
[Black "Malano, Francesco"]
[WhiteElo "2263"]
[BlackElo "1879"]
[Result "1-0"]
[PlyCount "37"]
[EventDate "2013.04.27"]

1. e4 d6 2. d4 Nf6 3. Nc3 Nbd7 4. Nf3 e5 5. g4 Nxg4
6. Rg1 exd4 7. Nxd4 Nge5 8. Bg5 Nf6 9. f4 Ng6 10. Rg3 h6 11. Bxf6 Qxf6 12. Nd5
Qh4 13. Nxc7+ Kd8 14. Nxa8 Nxf4 15. Nf3 Qh5 16. Qd2 Ne6 17. e5 b6 18. Qd5 f6
19. O-O-O 1-0

[Event "Torneo del Quarantennale A"]
[Site "Cirie' ITA"]
[Date "2013.04.27"]
[Round "1"]
[White "Razzano, Lorenzo"]
[Black "Frassati, Giovanni"]
[WhiteElo "1997"]
[BlackElo "1813"]
[Result "1-0"]
[PlyCount "123"]
[EventDate "2013.04.27"]

1. e4 e5 2. Nf3 Nc6 3. Bb5 a6 4. Ba4 Nf6 5. d3 b5 6.
Bb3 Be7 7. O-O O-O 8. c3 d6 9. Re1 Bb7 10. Nbd2 Na5 11. Bc2 c5 12. d4 Qc7 13.
d5 Bc8 14. Nf1 Re8 15. b3 Bd7 16. Ng3 g6 17. h3 Rec8 18. Bg5 Qd8 19. Qd2 Rab8
20. h4 Bg4 21. Nh2 Bd7 22. Bd1 h5 23. f4 exf4 24. Qxf4 Be8 25. Bc2 Nd7 26. Bxe7
Qxe7 27. Nf3 Nb7 28. e5 dxe5 29. Nxe5 Qf6 30. Qxf6 Nxf6 31. Rad1 Nd6 32. c4 Kg7
33. Rb1 Rc7 34. Bd3 b4 35. Re2 a5 36. Rbe1 Ra8 37. Ne4 Nfxe4 38. Bxe4 a4 39.
Nf3 axb3 40. axb3 Rca7 41. Bc2 Ra1 42. Kf2 Rxe1 43. Kxe1 Bd7 44. Re7 Re8 45.
Rxe8 Bxe8 46. Ne5 Kf6 47. Nd3 Nf5 48. Nxc5 Nxh4 49. Kf2 Ke5 50. g3 Nf5 51. Bxf5
gxf5 52. Ke3 f4+ 53. gxf4+ Kf5 54. Kf3 h4 55. Nd3 Bd7 56. Ne5 Bc8 57. c5 f6 58.
Nc6 h3 59. Nd4+ Kg6 60. Kf2 Kh5 61. Kg3 h2 62. Kxh2 1-0

[Event "Torneo del Quarantennale A"]
[Site "Cirie' ITA"]
[Date "2013.04.27"]
[Round "1"]
[White "Yao, Stefano"]
[Black "Ranieri, Fabrizio"]
[WhiteElo "1945"]
[BlackElo "2263"]
[Result "1-0"]
[PlyCount "109"]
[EventDate "2013.04.27"]

1. Nf3 d5 2. d4 Nf6 3. c4 e6 4. g3 Be7 5. Bg2
O-O 6. O-O c6 7. Qc2 Nbd7 8. b3 b6 9. Bb2 Bb7 10. Nc3 Rc8 11. Rad1 Qc7 12. e4
dxe4 13. Nxe4 Nxe4 14. Qxe4 c5 15. d5 Nf6 16. Qc2 exd5 17. Be5 Qd8
18. Ng5 g6 19. h4 Bd6 20. Bb2 Re8 21. cxd5 Be5 22. Bxe5 Rxe5 23. Qb2 Qd6 24. f4
Re3 25. f5 Rf8 26. fxg6 fxg6 27. Ne6 Rxe6 28. dxe6 Qxg3 29. Qf2 Qxg2+ 30. Qxg2
Bxg2 31. Kxg2 Kg7 32. Rd6 Re8 33. Rf4 Re7 34. Kf3 h6 35. a4 g5 36. hxg5 hxg5
37. Rc4 Kg6 38. a5 Rb7 39. b4 cxb4 40. Rxb4 Re7 41. a6 Rc7 42. Rbd4 Re7 43. Rc6
Kf5 44. Rd8 g4+ 45. Kg2 Ne4 46. Rd7 Re8 47. Rxa7 Nc5 48. Rf7+ Ke5 49. a7 Nxe6
50. Rxb6 Rc8 51. Re7 Rc2+ 52. Kg3 Rc3+ 53. Kxg4 Rc4+ 54. Kh5 Kf5 55. Rbxe6 1-0

[Event "Torneo del Quarantennale A"]
[Site "Cirie' ITA"]
[Date "2013.04.27"]
[Round "2"]
[White "Cacinschi, Alexandru"]
[Black "Yao, Stefano"]
[WhiteElo "2025"]
[BlackElo "1945"]
[Result "1-0"]
[PlyCount "61"]
[EventDate "2013.04.27"]

1. d4 Nf6 2. Nf3 e6 3. c4 b6 4. g3 Ba6 5. Qc2 c5 6.
Bg2 Bb7 7. dxc5 Bxc5 8. Nc3 O-O 9. O-O Be7 10. e4 d6 11. Rd1 Qc8 12. b3 Na6 13.
Bb2 Nc5 14. Nd4 a6 15. Rac1 Qc7 16. h3 Rac8 17. Kh2 Rfd8 18. f4 Qb8 19. Qe2 Qa8
20. Re1 Ne8 21. Rcd1 Bf8 22. f5 Nc7 23. fxe6 fxe6 24. Rf1 Re8 25. Rde1 Nd7 26.
Na4 b5 27. cxb5 axb5 28. Nxb5 Nxb5 29. Qxb5 Bc6 30. Qg5 Bxa4 31. Rxf8+ 1-0

[Event "Torneo del Quarantennale A"]
[Site "Cirie' ITA"]
[Date "2013.04.27"]
[Round "2"]
[White "Frassati, Giovanni"]
[Black "Pitica, Silviu Valentin"]
[WhiteElo "1813"]
[BlackElo "1853"]
[Result "0-1"]
[PlyCount "119"]
[EventDate "2013.04.27"]

1. e4 c5 2. Nf3 d6 3. a4 Nc6 4. Nc3 Nf6 5. Bc4 Bg4
6. d3 e6 7. Bf4 Nd4 8. e5 d5 9. Bb5+ Nd7 10. h3 Bxf3 11. gxf3 a6 12. Bxd7+ Qxd7
13. Bg5 Be7 14. Bxe7 Qxe7 15. f4 h5 16. h4 g6 17. Rh3 Nf5 18. Qf3 Nxh4 19. Qh1
Nf5 20. a5 Nd4 21. Kd1 Qd7 22. Na4 Qb5 23. Qe1 Rc8 24. Qc3 Rc7 25. Nb6 O-O 26.
Ra4 Nf5 27. Ra2 Rd8 28. Qd2 Rc6 29. Kc1 Kf8 30. Ra3 Nd4 31. Kb1 Ke7 32. f5 Rxb6
33. axb6 Nxf5 34. Qg5+ Kd7 35. c4 Qb4 36. Qf6 Rf8 37. cxd5 Qe1+ 38. Ka2 exd5
39. Rc3 Qxf2 40. e6+ Ke8 41. d4 Qxd4 42. exf7+ Rxf7 43. Qe6+ Kf8 44. Rhd3 Qa4+
45. Kb1 Qe4 46. Qc8+ Kg7 47. Qxc5 Ne7 48. Ka2 Qa4+ 49. Kb1 Rf1+ 50. Rc1 Rxc1+
51. Kxc1 Qf4+ 52. Kc2 Nc6 53. Qc3+ Kh6 54. Rg3 d4 55. Qe1 Qf5+ 56. Kc1 Qc5+ 57.
Kb1 Qf5+ 58. Kc1 Qc5+ 59. Kb1 Qf5+ 60. Kc1 0-1

[Event "Torneo del Quarantennale A"]
[Site "Cirie' ITA"]
[Date "2013.04.27"]
[Round "2"]
[White "Malano, Francesco"]
[Black "Coqueraut, Lodewyk"]
[WhiteElo "1879"]
[BlackElo "1813"]
[Result "1/2-1/2"]
[PlyCount "118"]
[EventDate "2013.04.27"]

1. Nf3 Nf6 2. d4 d5 3. e3 e6 4. Bd3 c5 5. b3 Bd7 6.
Qe2 a6 7. a4 Nc6 8. c3 Qb6 9. Nbd2 cxd4 10. exd4 Be7 11. O-O O-O 12. Ba3 Bxa3
13. Rxa3 Ne7 14. b4 Qd6 15. Raa1 Ng6 16. g3 Rae8 17. Ne5 Bc8 18. Nb3 Qc7 19.
Rfc1 Nxe5 20. dxe5 Ne4 21. Bxe4 dxe4 22. Qxe4 b6 23. Qe3 Bb7 24. Nd4 Bd5 25.
Rc2 f5 26. exf6 Rxf6 27. c4 Ba8 28. c5 bxc5 29. bxc5 e5 30. c6 Rb8 31. Nf3 Rxc6
32. Rxc6 Qxc6 33. Kg2 Qd5 34. Ra3 Rf8 35. Qb3 e4 36. Qxd5+ Bxd5 37. Ne1 e3+ 38.
f3 Re8 39. Rc3 Kf7 40. Kf1 e2+ 41. Kf2 Re6 42. Ng2 Bc6 43. Rc4 Ke7 44. Rd4 g5
45. g4 Re5 46. Rd2 Bxa4 47. Rxe2 Rxe2+ 48. Kxe2 Bb5+ 49. Ke3 a5 50. Ne1 a4 51.
Nc2 Kf6 52. f4 h6 53. Kf3 Bc6+ 54. Kg3 Be4 55. Na3 Bd3 56. h4 gxf4+ 57. Kxf4
Ke6 58. Ke3 Bg6 59. Kd4 Be8 1/2-1/2

[Event "Torneo del Quarantennale A"]
[Site "Cirie' ITA"]
[Date "2013.04.27"]
[Round "2"]
[White "Razzano, Lorenzo"]
[Black "Pulito, Alberto"]
[WhiteElo "1997"]
[BlackElo "2263"]
[Result "0-1"]
[PlyCount "120"]
[EventDate "2013.04.27"]

1. Nf3 Nf6 2. c4 e6 3. g3 d5 4. Bg2 Be7 5. b3 c5 6.
e3 b6 7. O-O Bb7 8. Bb2 Nbd7 9. Qe2 O-O 10. d3 Qc7 11. Nbd2 Rfd8 12. Rfd1 Rac8
13. h3 Qb8 14. e4 Bf8 15. Nh2 dxe4 16. dxe4 e5 17. Nb1 g6 18. Nc3 Bg7 19. Nf1
Nf8 20. Nd5 Nxd5 21. exd5 Re8 22. g4 Rcd8 23. Ng3 h6 24. Be4 Bc8 25. Kg2 h5 26.
g5 h4 27. Nf1 Bf5 28. Nh2 Qc8 29. Ng4 Nh7 30. Bc1 f6 31. gxf6 Nxf6 32. Nxf6+
Bxf6 33. Qf3 Rf8 34. Bxf5 Qxf5 35. Qxf5 gxf5 36. Bb2 Kf7 37. Kf1 e4 38. Bxf6
Kxf6 39. Ke2 Ke5 40. Rg1 b5 41. Rad1 bxc4 42. bxc4 Rb8 43. d6 Rb2+ 44. Kf1 Rd8
45. Rd5+ Kf6 46. Kg2 Rb6 47. Rgd1 Rd7 48. Rxc5 Rbxd6 49. Rb1 Rf7 50. Rbb5 Kg5
51. Kf1 Kf4 52. Ke2 Rd3 53. Rb3 Rfd7 54. Rcb5 Rd2+ 55. Kf1 Rd1+ 56. Kg2 Rg7+
57. Kh2 Rg5 58. Rd5 Rf1 59. Rb2 Rgg1 60. f3 Rh1+ 0-1

[Event "Torneo del Quarantennale A"]
[Site "Cirie' ITA"]
[Date "2013.04.27"]
[Round "2"]
[White "Rotundo, Raffaele"]
[Black "Ranieri, Fabrizio"]
[WhiteElo "1988"]
[BlackElo "2263"]
[Result "0-1"]
[PlyCount "44"]
[EventDate "2013.04.27"]

1. c4 e6 2. Nf3 d5 3. g3 Nf6 4. Bg2 Be7 5. O-O O-O
6. d4 c6 7. Qc2 Nbd7 8. Rd1 b6 9. b3 Bb7 10. Bb2 Rc8 11. Ne5 Nxe5 12. dxe5 Nd7
13. f4 Qc7 14. Nc3 b5 15. Rac1 bxc4 16. bxc4 Ba6 17. cxd5 cxd5 18. Qd2 Bc5+ 19.
Kh1 Nb6 20. e4 Nc4 21. Qe2 Qa5 22. Bf1 Nxb2 0-1

[Event "Torneo del Quarantennale A"]
[Site "Cirie' ITA"]
[Date "2013.04.28"]
[Round "3"]
[White "Coqueraut, Lodewyk"]
[Black "Razzano, Lorenzo"]
[WhiteElo "1813"]
[BlackElo "1997"]
[Result "0-1"]
[PlyCount "84"]
[EventDate "2013.04.27"]

1. e4 c5 2. Nf3 Nc6 3. d4 cxd4 4. Nxd4 Nf6 5. Nc3 e5
6. Nf5 d5 7. Ng3 d4 8. Bg5 dxc3 9. Qxd8+ Kxd8 10. bxc3 Be6 11. Nh5 Ke7 12. Bb5
h6 13. Bxf6+ gxf6 14. Bxc6 bxc6 15. Rb1 Bc8 16. O-O Ke6 17. f4 Ba6 18. f5+ Ke7
19. Rf2 Rg8 20. c4 Rg5 21. Ng3 Ke8 22. Rf3 Bc5+ 23. Kh1 Rd8 24. Rd3 h5 25.
Rxd8+ Kxd8 26. Rb8+ Bc8 27. Ne2 Bb6 28. c5 Bxc5 29. Rb3 Kc7 30. h3 h4 31. Nc1
Rg3 32. Nd3 Bd6 33. Nf2 Rxb3 34. axb3 Kb6 35. Ng4 Be7 36. Nh6 Kc5 37. Nxf7 Kd4
38. Nh6 Kxe4 39. Ng4 Kxf5 40. Kg1 Kf4 41. Kf1 Bxg4 42. hxg4 Ke3 0-1

[Event "Torneo del Quarantennale A"]
[Site "Cirie' ITA"]
[Date "2013.04.28"]
[Round "3"]
[White "Pulito, Alberto"]
[Black "Cacinschi, Alexandru"]
[WhiteElo "2263"]
[BlackElo "2025"]
[Result "1-0"]
[PlyCount "41"]
[EventDate "2013.04.27"]

1. e4 e6 2. d4 d5 3. Nc3 Bb4 4. e5 c5 5. Bd2 Ne7 6.
a3 Bxc3 7. Bxc3 cxd4 8. Qxd4 Nbc6 9. Qg4 Nf5 10. Nf3 O-O 11. h4 Qb6 12. Bd3 d4
13. Bd2 f6 14. Qe4 fxe5 15. Nxe5 Nxe5 16. Qxe5 Qd6 17. Qe4 Qc6 18. Bb4 Rf6 19.
Qxc6 bxc6 20. g4 Bb7 21. Bc5 1-0

[Event "Torneo del Quarantennale A"]
[Site "Cirie' ITA"]
[Date "2013.04.28"]
[Round "3"]
[White "Ranieri, Fabrizio"]
[Black "Pitica, Silviu Valentin"]
[WhiteElo "2263"]
[BlackElo "1853"]
[Result "1-0"]
[PlyCount "95"]
[EventDate "2013.04.27"]

1. e4 c5 2. Nf3 d6 3. d4 cxd4 4. Nxd4 Nf6 5. Nc3 a6
6. h3 e6 7. g4 h6 8. Bg2 Be7 9. Be3 Qc7 10. f4 Nc6 11. Nb3 b5 12. Qd2 Nd7 13.
Qf2 Bb7 14. O-O O-O 15. Ne2 Rac8 16. c3 Na5 17. Nxa5 Qxa5 18. Rfd1 b4 19. Bd2
bxc3 20. Bxc3 Qb6 21. Bd4 Qa5 22. Nc3 Rc4 23. Bf1 Rc7 24. Rd2 Bf6 25. Bxf6 Nxf6
26. Bg2 d5 27. e5 Ne4 28. Bxe4 dxe4 29. Qe3 Rfc8 30. Rc1 Rc4 31. a3 Bd5 32.
Rcc2 Kh7 33. Kh2 Qc5 34. Qxc5 R8xc5 35. Kg3 a5 36. Kf2 Kg6 37. Ke3 f6 38. exf6
gxf6 39. Rd4 Rxd4 40. Kxd4 Rc4+ 41. Ke3 Ba8 42. Rd2 h5 43. Rd8 Bc6 44. gxh5+
Kxh5 45. Rd6 Kh4 46. Rxe6 f5 47. Re5 Kxh3 48. Rxf5 1-0

[Event "Torneo del Quarantennale A"]
[Site "Cirie' ITA"]
[Date "2013.04.28"]
[Round "3"]
[White "Yao, Stefano"]
[Black "Rotundo, Raffaele"]
[WhiteElo "1945"]
[BlackElo "1988"]
[Result "1-0"]
[PlyCount "63"]
[EventDate "2013.04.27"]

1. Nf3 d5 2. d4 Nf6 3. c4 c6 4. Nc3 a6 5. c5 g6 6.
Bf4 Bg7 7. h3 O-O 8. e3 Re8 9. Be2 e5 10. Nxe5 Nfd7 11. Nd3 Nf8 12. O-O Ne6 13.
b4 Nxf4 14. Nxf4 a5 15. b5 b6 16. cxb6 Qxb6 17. bxc6 Nxc6 18. Nfxd5 Qd8 19. Bf3
Rb8 20. Rc1 Ba6 21. Re1 Nb4 22. Nxb4 axb4 23. Nd5 Bb7 24. Nc7 Bxf3 25. Qxf3 Re7
26. Na6 Rb6 27. Nc5 Ra7 28. Re2 Qe7 29. Rb1 Ra3 30. Qd5 Rd6 31. Qc4 Rc3 32.
Qxb4 1-0